000
00292nam a22001337a 4500
008
170424b xxu||||| |||| 00| 0 eng d
020
_a
0669340758
041
_a
eng
080
_a
573
100
_a
11
101
_a
SHM
245
_a
BIOLOGY DISCOVER LIFE
_c
LEVINE.J.S
942
_2
udc
_c
BK
999
_c
11605
_d
11605